00611cam a2200205ua 45000010006000000050017000060080039000230400009000620410008000710820013000791000038000922450057001302500026001872600045002133000009002586530041002676530041003086530019003496530037003681187120260515114817.0191114n ii |||gr||||Z||||||eng cMAIN aeng a891.4512 aNarayan Chandra Goswami,eEditor. aSachitra ankawalicEdited by Narayan Chandra Goswami a1st ed. / bV. 1 & 2. aMajuli:bNarayan Chandra Goswami,c2013. a71p. aIllustrated manuscript of Ankia Nats aArjuna Bhanjana or Dadhi Mathan Naat aChordhora Naat aAnkia nat of Mahapurus Madhabdev